The Chinaman / (Record no. 591659)

000 -LEADER
fixed length control field 00885cam a2200253 a 4500
001 - CONTROL NUMBER
control field 2616197
005 - DATE AND TIME OF LATEST TRANSACTION
control field 20221011104743.0
008 - FIXED-LENGTH DATA ELEMENTS--GENERAL INFORMATION
fixed length control field 981013s1999 nyu 000 0 eng
010 ## - LIBRARY OF CONGRESS CONTROL NUMBER
LC control number 98031821
020 ## - INTERNATIONAL STANDARD BOOK NUMBER
International Standard Book Number 0879518979
040 ## - CATALOGING SOURCE
Original cataloging agency DLC
Transcribing agency DLC
Modifying agency DLC
050 00 - LIBRARY OF CONGRESS CALL NUMBER
Classification number PS3563.A4345
Item number C56 1999
082 00 - DEWEY DECIMAL CLASSIFICATION NUMBER
Classification number 811.54
Author Mark MAM
100 1# - MAIN ENTRY--PERSONAL NAME
Personal name Mamet, David.
9 (RLIN) 99794
245 14 - TITLE STATEMENT
Title The Chinaman /
Statement of responsibility, etc. David Mamet.
250 ## - EDITION STATEMENT
Edition statement 1st ed.
260 ## - PUBLICATION, DISTRIBUTION, ETC.
Place of publication, distribution, etc. Woodstock, N.Y. :
Name of publisher, distributor, etc. Overlook Press,
Date of publication, distribution, etc. 1999.
300 ## - PHYSICAL DESCRIPTION
Extent 72 p. ;
Dimensions 21 cm.
500 ## - GENERAL NOTE
General note Errata slip included.
856 42 - ELECTRONIC LOCATION AND ACCESS
Materials specified Contributor biographical information
Uniform Resource Identifier <a href="http://www.loc.gov/catdir/enhancements/fy1209/98031821-b.html">http://www.loc.gov/catdir/enhancements/fy1209/98031821-b.html</a>
906 ## - LOCAL DATA ELEMENT F, LDF (RLIN)
a 7
b cbc
c orignew
d 1
e ocip
f 19
g y-gencatlg
942 ## - ADDED ENTRY ELEMENTS (KOHA)
Source of classification or shelving scheme
Koha item type Book
Holdings
Withdrawn status Lost status Source of classification or shelving scheme Damaged status Not for loan Permanent Location Current Location Shelving location Date acquired Source of acquisition Total Checkouts Full call number Barcode Date last seen Date last checked out Price effective from Koha item type
          Central Library (CL) Central Library (CL) Chinese Studies 10/11/2022 Donated by China Embassy 1 811.54 MAM CL-D-1882 12/12/2023 12/06/2023 10/11/2022 Book
© 2023 Central Library, National University of Sciences and Technology. All Rights Reserved.